K vzniku slovenskej armády a jej charakteru. IV.

Podrobná bibliografia
Hlavný autor: Stanislav, Ján (Author)
Médium: Článok
Jazyk:Slovak
Témy:
Zdroj: 1. Bojovník 1. Roč. 38, č. 16 (1993), s. 8
LEADER 00711nab#a2200289#ar4500
001 000086096
003 SVKKK
005 20071009100150.0
008 030616c1993 xo e sloo
FMT
038 |a SVKKK 
040 |a SVKKK  |b slo  |e AACR2 
041 0 |a slo 
044 |a xo  |c SK 
080 |a 355/359  |2 1997 
080 |a 94"1939"  |2 1997 
100 1 |a Stanislav, Ján  |4 aut 
245 1 0 |a K vzniku slovenskej armády a jej charakteru.  |n IV.  |c Ján Stanislav 
610 2 4 |a Slovensko.  |b Armáda (Slovensko východné)  |y 1939  |x dejiny 
773 0 |t Bojovník  |g Roč. 38, č. 16 (1993), s. 8 
957 |a 7 
957 |a 8 
974 |a Fav 
992 |a RBX 
BAS
852 |a SVKKK  |b BIB 
998 |a REG